[Event "Tourn. n9039"]
[Site "www.chess-mail.com"]
[Date "2016.12.27"]
[Round "1"]
[White "Conde7"]
[Black "Senitram"]
[WhiteElo "2880"]
[BlackElo "2690"]
[Result "1/2-1/2"]
[Round "1"]
1.e4 c5
2.Ng1f3 d6
3.d4 cxd4
4.Nf3xd4 Ng8f6
5.Nb1c3 a6
6.h3 e5
7.Nd4e2 h5
8.g3 Bc8e6
9.Bf1g2 b5
10.Bc1e3 Nb8d7
11.Ne2c1 Nd7b6
12.Nc1d3 Nb6c4
13.Be3c1 Bf8e7
14.a4 bxa4
15.Ra1xa4 a5
16.Ra4a1 Qd8c8
17.h4 Nc4b6
18.O-O O-O
19.Rf1e1 a4
20.Bc1d2 Qc8b7
21.Qd1e2 Rf8c8
22.Re1b1 Be7d8
23.Qe2e1 Qb7c7
{ draw }
1/2-1/2

[Event "Tourn. n9093"]
[Site "www.chess-mail.com"]
[Date "2016.12.27"]
[Round "1"]
[White "Madz123456"]
[Black "Cal"]
[WhiteElo "1450"]
[BlackElo "1560"]
[Result "1-0"]
[Round "1"]
1.e4 e5
2.Ng1f3 d6
3.d4 exd4
4.Qd1xd4 Nb8c6
5.Bf1b5 Bc8d7
6.Bb5xc6 Bd7xc6
7.Nb1c3 Ng8f6
8.Bc1g5 Bf8e7
9.O-O-O a6
10.e5 Nf6d7
11.Bg5xe7 Qd8xe7
12.exd6 cxd6
13.Rh1e1 O-O
14.Re1xe7 Nd7f6
15.Qd4xd6 Bc6xf3
16.gxf3 h6
17.Rd1g1 g5
18.Qd6xf6 Ra8d8
19.Qf6xh6 f6
20.Qh6g7 { resign }
1-0

[Event "Tourn. n9071"]
[Site "www.chess-mail.com"]
[Date "2016.12.27"]
[Round "1"]
[White "Wegaman"]
[Black "Libiesse"]
[WhiteElo "1870"]
[BlackElo "2050"]
[Result "1-0"]
[Round "1"]
1.d4 d5
2.c4 e6
3.Nb1c3 Ng8f6
4.Bc1g5 Bf8e7
5.Ng1f3 O-O
6.e3 c5
7.dxc5 Be7xc5
8.cxd5 exd5
9.Bg5xf6 Qd8xf6
10.Nc3xd5 Qf6d8
11.Nd5c3 Nb8c6
12.Bf1e2 Bc8e6
13.O-O Qd8c7
14.Ra1c1 Bc5b6
15.Qd1a4 Qc7e7
16.Qa4f4 Rf8d8
17.Nf3g5 Rd8f8
18.Ng5xe6 fxe6
19.Qf4g4 Nc6e5
20.Qg4h5 Qe7f6
21.Nc3e4 Qf6f5
22.Qh5xf5 Rf8xf5
23.Ne4d6 { resign }
1-0

[Event "Tourn. n9093"]
[Site "www.chess-mail.com"]
[Date "2016.12.27"]
[Round "1"]
[White "Madz123456"]
[Black "Pachi"]
[WhiteElo "1490"]
[BlackElo "1490"]
[Result "1-0"]
[Round "1"]
1.e4 e5
2.Ng1f3 d6
3.d4 Nb8c6
4.dxe5 dxe5
5.Qd1xd8 Kxd8
6.Bc1e3 Nc6b4
7.Nb1a3 Bc8d7
8.Nf3xe5 Bd7e6
9.O-O-O Kc8
10.Bf1c4 Be6xc4
11.Na3xc4 b5
12.Nc4a5 Ng8h6
13.Be3xh6 gxh6
14.Ne5xf7 Rh8g8
15.Rd1d8 { resign }
1-0

[Event "Tourn. n8984"]
[Site "www.chess-mail.com"]
[Date "2016.12.27"]
[Round "1"]
[White "Crull"]
[Black "Falcoale"]
[WhiteElo "1740"]
[BlackElo "1600"]
[Result "1-0"]
[Round "1"]
1.d4 Ng8f6
2.c4 e6
3.Nb1c3 Bf8b4
4.Bc1d2 c5
5.a3 Bb4xc3
6.Bd2xc3 cxd4
7.Bc3xd4 O-O
8.Ng1f3 Nb8c6
9.e3 Nc6xd4
10.Qd1xd4 b6
11.Bf1e2 Bc8b7
12.O-O d5
13.Qd4h4 dxc4
14.Nf3g5 h6
15.Ng5f3 Qd8c7
16.Ra1c1 b5
17.Nf3d4 Nf6e4
18.Nd4xb5 Qc7b6
19.Nb5d4 Ne4g5
20.Be2xc4 Ng5e4
21.Rf1d1 Ra8b8
22.b3 Ne4g5
23.f3 e5
24.Nd4f5 Bb7xf3
25.Nf5e7 Kh8
26.Ne7d5 Qb6b7
27.Kf1 Bf3xd1
28.Rc1xd1 Qb7c8
29.Qh4g3 Ng5e4
30.Qg3xe5 Ne4g5
31.a4 Ng5e6
32.Nd5e7 Qc8c7
33.Qe5xc7 Ne6xc7
34.Rd1d7 Nc7e6
35.Bc4xe6 fxe6
36.Ke2 Rb8xb3
37.Ne7g6 Kg8
38.Ng6xf8 Kxf8
39.Rd7xa7 Rb3b2
40.Kf3 Rb2a2
41.Ra7a8 Ke7
42.a5 Kd7
43.a6 Kc7
44.Ra8a7 Kb6
45.Ra7xg7 Ra2xa6
46.Rg7g6 Kc5
47.Rg6xh6 Kd5
48.e4 Kd6
49.g4 Ke7
50.g5 Kf7
51.Rh6f6 Kg7
52.h4 { resign }
1-0

[Event "Tourn. n9052"]
[Site "www.chess-mail.com"]
[Date "2016.12.27"]
[Round "1"]
[White "Francesco"]
[Black "Falcoale"]
[WhiteElo "1960"]
[BlackElo "1880"]
[Result "1-0"]
[Round "1"]
1.d4 Ng8f6
2.c4 b6
3.Nb1c3 Bc8b7
4.Bc1g5 h6
5.Bg5xf6 exf6
6.e4 Bf8b4
7.d5 O-O
8.Ng1f3 Rf8e8
9.Bf1d3 f5
10.Bd3c2 fxe4
11.Nf3d4 c5
12.Nd4b3 Qd8g5
13.O-O d6
14.Nc3xe4 Qg5d8
15.a3 Bb4a5
16.Nb3xa5 bxa5
17.Rf1e1 Nb8a6
18.b3 Na6b8
19.Qd1f3 Nb8d7
20.Ne4xd6 Re8xe1
21.Ra1xe1 Nd7f6
22.Nd6xb7 Qd8c7
23.d6 Qc7c8
24.Bc2f5 Qc8f8
25.Re1e7 Ra8b8
26.Nb7xc5 Rb8d8
27.Nc5b7 Rd8e8
28.Re7xe8 Qf8xe8
29.h3 Qe8e1
30.Kh2 Qe1a1
31.Nb7xa5 Qa1xa3
32.Qf3a8 { resign }
1-0

[Event "Tourn. n9032"]
[Site "www.chess-mail.com"]
[Date "2016.12.27"]
[Round "1"]
[White "Seger"]
[Black "Bronstein70"]
[WhiteElo "2780"]
[BlackElo "2360"]
[Result "1-0"]
[Round "1"]
1.d4 f5
2.c4 Ng8f6
3.g3 g6
4.Nb1c3 Bf8g7
5.Ng1f3 d6
6.Bf1g2 O-O
7.e3 c5
8.Ra1b1 Nb8c6
9.d5 Nc6a5
10.b3 Nf6g4
11.Qd1c2 e5
12.dxe6 Bc8xe6
13.O-O Na5c6
14.Bc1b2 Qd8e7
15.h3 Ng4e5
16.Nf3e1 Nc6b4
17.Qc2d2 Ra8d8
18.a3 Nb4c6
19.Nc3d5 Qe7f7
20.f4 Ne5d7
21.Nd5c7 Nd7f6
22.Nc7xe6 Qf7xe6
23.Bg2d5 Nf6xd5
24.cxd5 Qe6e4
25.Bb2xg7 Kxg7
26.dxc6 Qe4xc6
27.Ne1f3 h6
28.g4 fxg4
29.Qd2c3 Kh7
30.hxg4 Qc6d7
31.Kf2 Qd7g7
32.Qc3c2 b6
33.Rf1h1 Kg8
34.Rh1h3 g5
35.Rb1h1 Rf8f6
36.fxg5 Qg7xg5
37.Rh3xh6 { resign }
1-0

[Event "Tourn. n9131"]
[Site "www.chess-mail.com"]
[Date "2016.12.27"]
[Round "1"]
[White "Luban"]
[Black "Urbe69"]
[WhiteElo "2060"]
[BlackElo "2030"]
[Result "0-1"]
[Round "1"]
1.d4 e6
2.c4 Bf8b4
3.Bc1d2 Bb4xd2
4.Qd1xd2 Ng8f6
5.Nb1c3 d5
6.e3 O-O
7.Ng1f3 b6
8.cxd5 Nf6xd5
9.e4 Nd5xc3
10.Qd2xc3 Bc8b7
11.Bf1d3 Nb8d7
12.O-O c5
13.Rf1e1 Ra8c8
14.Ra1c1 cxd4
15.Qc3xd4 Rc8xc1
16.Re1xc1 Nd7c5
17.Qd4xd8 Rf8xd8
18.Bd3b1 Nc5xe4
19.h3 g6
20.Kf1 Ne4c5
21.b4 Bb7xf3
22.bxc5 Bf3d5
23.f3 bxc5
24.Rc1xc5 Bd5xf3
{ resign }
0-1

[Event "Tourn. n9123"]
[Site "www.chess-mail.com"]
[Date "2016.12.27"]
[Round "1"]
[White "Guidom"]
[Black "Faerieking"]
[WhiteElo "2170"]
[BlackElo "2200"]
[Result "0-1"]
[Round "1"]
1.e4 c5
2.Ng1f3 d6
3.d4 cxd4
4.Nf3xd4 Ng8f6
5.Nb1c3 a6
6.Bf1c4 e6
7.O-O b5
8.Bc4d3 Bc8b7
9.Bc1g5 Nb8d7
10.a3 Bf8e7
11.Kh1 O-O
12.f4 Qd8b6
13.Bd3e2 e5
14.Nd4f5 Rf8e8
15.Nf5xd6 Be7xd6
16.fxe5 Bd6xe5
17.Be2d3 Ra8d8
18.Qd1d2 Nd7c5
19.Nc3d5 Bb7xd5
20.exd5 Nc5xd3
21.cxd3 Rd8xd5
22.Ra1e1 Qb6d6
23.Bg5xf6 gxf6
24.Rf1f3 Re8d8
25.h3 Rd5xd3
26.Rf3xd3 Qd6xd3
27.Qd2b4 Qd3g3
{ resign }
0-1

[Event "Tourn. n9146"]
[Site "www.chess-mail.com"]
[Date "2016.12.27"]
[Round "1"]
[White "Norlavuaram"]
[Black "Bojan"]
[WhiteElo "2150"]
[BlackElo "2020"]
[Result "0-1"]
[Round "1"]
1.e4 e5
2.Ng1f3 Nb8c6
3.Bf1b5 Qd8f6
4.d3 h6
5.O-O Bf8c5
6.Nb1c3 Ng8e7
7.Rf1e1 Nc6d4
8.Bc1e3 Nd4xf3
9.Qd1xf3 Qf6xf3
10.gxf3 Bc5xe3
11.fxe3 c6
12.Bb5c4 b5
13.Bc4b3 f5
14.f4 d6
15.exf5 exf4
16.e4 c5
17.Bb3d5 Ra8b8
18.Bd5b3 g5
19.fxg6 Ne7xg6
20.Nc3d5 Rb8b7
21.Re1f1 Rh8f8
22.c3 Bc8h3
23.Rf1f2 f3
24.Bb3c2 Rb7g7
25.Nd5e3 Ng6f4
26.Kh1 Bh3g2
27.Ne3xg2 fxg2
{ resign }
0-1

[Event "Tourn. n9124"]
[Site "www.chess-mail.com"]
[Date "2016.12.27"]
[Round "1"]
[White "Madz123456"]
[Black "Autmich"]
[WhiteElo "1620"]
[BlackElo "1549"]
[Result "1-0"]
[Round "1"]
1.e4 c5
2.d4 cxd4
3.c3 dxc3
4.Nb1xc3 Nb8c6
5.Ng1f3 d6
6.Bf1c4 Ng8f6
7.e5 dxe5
8.Qd1xd8 Kxd8
9.Nf3g5 e6
10.Ng5xf7 Kc7
11.Nf7xh8 { resign }
1-0

[Event "Tourn. n9052"]
[Site "www.chess-mail.com"]
[Date "2016.12.27"]
[Round "1"]
[White "Francesco"]
[Black "Jaroslavpech"]
[WhiteElo "1960"]
[BlackElo "1950"]
[Result "0-1"]
[Round "1"]
1.e4 e5
2.Ng1f3 Nb8c6
3.d4 exd4
4.Nf3xd4 Bf8c5
5.c3 Ng8f6
6.Nd4xc6 bxc6
7.Bc1g5 Bc5xf2
8.Kxf2 Nf6xe4
9.Kg1 Qd8xg5
10.Qd1e2 Qg5c5
{ resign }
0-1

[Event "Tourn. n9079"]
[Site "www.chess-mail.com"]
[Date "2016.12.27"]
[Round "1"]
[White "Osopanda"]
[Black "Libiesse"]
[WhiteElo "2050"]
[BlackElo "2020"]
[Result "1/2-1/2"]
[Round "1"]
1.d4 d5
2.c4 e6
3.Nb1c3 Ng8f6
4.Bc1g5 Bf8e7
5.Ng1f3 O-O
6.e3 h6
7.Bg5f4 c5
8.cxd5 exd5
9.Bf1d3 cxd4
10.exd4 Nb8c6
11.O-O Bc8g4
12.h3 Bg4xf3
13.Qd1xf3 Nc6xd4
14.Qf3d1 Nd4c6
15.Rf1e1 Rf8e8
16.Qd1f3 d4
17.Nc3e4 Be7b4
18.Ne4xf6 Qd8xf6
19.Re1xe8 Ra8xe8
20.a3 Bb4d6
21.Bf4xd6 Qf6xd6
{ draw }
1/2-1/2

[Event "Tourn. n8992"]
[Site "www.chess-mail.com"]
[Date "2016.12.27"]
[Round "1"]
[White "Ciappo"]
[Black "Frisker"]
[WhiteElo "2510"]
[BlackElo "2340"]
[Result "1-0"]
[Round "1"]
1.d4 Ng8f6
2.c4 g6
3.Nb1c3 d5
4.cxd5 Nf6xd5
5.e4 Nd5xc3
6.bxc3 Bf8g7
7.Ng1f3 c5
8.Bc1e3 Nb8c6
9.Ra1c1 Bc8g4
10.d5 Nc6e5
11.Bf1b5 Bg4d7
12.Bb5xd7 Ne5xd7
13.O-O Qd8a5
14.Qd1b3 b5
15.c4 b4
16.Be3f4 f6
17.Rf1e1 Nd7e5
18.Bf4xe5 fxe5
19.Rc1a1 O-O
20.Re1b1 Rf8b8
21.Nf3g5 Bg7h6
22.Ng5e6 Bh6d2
23.Qb3h3 Rb8b6
24.Rb1d1 Bd2c3
25.Ne6g5 h5
26.d6 { resign }
1-0

[Event "Tourn. n9109"]
[Site "www.chess-mail.com"]
[Date "2016.12.27"]
[Round "1"]
[White "Madz123456"]
[Black "Autmich"]
[WhiteElo "1510"]
[BlackElo "1699"]
[Result "1-0"]
[Round "1"]
1.e4 c5
2.d4 cxd4
3.c3 d6
4.cxd4 Nb8c6
5.d5 Nc6e5
6.f4 Ne5d7
7.Bc1e3 e6
8.dxe6 fxe6
9.Ng1f3 Ng8f6
10.Nb1c3 Bf8e7
11.Nf3g5 Nd7c5
12.Bf1b5 Bc8d7
13.Be3xc5 Bd7xb5
14.Ng5xe6 Qd8d7
15.Nc3xb5 Ra8c8
16.Nb5xd6 { resign }
1-0

[Event "Tourn. n9040"]
[Site "www.chess-mail.com"]
[Date "2016.12.27"]
[Round "1"]
[White "Jjmcbride"]
[Black "Azulmarino"]
[WhiteElo "1430"]
[BlackElo "1610"]
[Result "1-0"]
[Round "1"]
1.e4 e5
2.Ng1f3 Nb8c6
3.Bf1b5 a6
4.Bb5xc6 dxc6
5.Nf3xe5 Qd8f6
6.d4 Ng8h6
7.h3 Bc8e6
8.b3 Bf8b4
9.Nb1d2 Bb4c3
10.Ra1b1 Bc3xd4
11.Ne5f3 Ra8d8
12.O-O Qf6f4
13.Nf3xd4 Rd8xd4
14.c3 Be6xh3
15.gxh3 Qf4h4
16.cxd4 Qh4xh3
17.f3 O-O
18.Rf1f2 f5
19.Rf2h2 Qh3g3
20.Kh1 Nh6g4
21.fxg4 fxg4
22.Nd2f1 Qg3c3
23.Bc1b2 Qc3b4
24.Qd1xg4 g6
25.Qg4e6 Rf8f7
26.Nf1e3 Qb4d2
27.Rh2xd2 { resign }
1-0

[Event "Tourn. n9005"]
[Site "www.chess-mail.com"]
[Date "2016.12.27"]
[Round "1"]
[White "Numanoid"]
[Black "Darko10"]
[WhiteElo "2330"]
[BlackElo "2640"]
[Result "1/2-1/2"]
[Round "1"]
1.e4 e5
2.Ng1f3 Nb8c6
3.d4 exd4
4.Nf3xd4 Ng8f6
5.Nd4xc6 bxc6
6.e5 Qd8e7
7.Qd1e2 Nf6d5
8.c4 Bc8a6
9.Nb1d2 g6
10.Nd2f3 Qe7b4
11.Kd1 Ra8b8
12.Qe2c2 Nd5e7
13.b3 c5
14.Bc1b2 Bf8g7
15.h4 O-O
16.h5 Ba6b7
17.Bf1d3 Qb4b6
18.Ke1 a5
19.Bb2c3 Bb7xf3
20.gxf3 d6
21.exd6 Bg7xc3
22.Qc2xc3 Qb6xd6
23.Kf1 Qd6d4
24.Qc3xd4 cxd4
25.f4 Kg7
26.Ra1e1 Kf6
27.Re1e4 Rf8d8
28.hxg6 hxg6
{ draw }
1/2-1/2

[Event "Tourn. n9131"]
[Site "www.chess-mail.com"]
[Date "2016.12.27"]
[Round "1"]
[White "Urbe69"]
[Black "Norlavuaram"]
[WhiteElo "2030"]
[BlackElo "2230"]
[Result "0-1"]
[Round "1"]
1.d4 Ng8f6
2.Ng1f3 g6
3.g3 Bf8g7
4.Bf1g2 O-O
5.O-O d6
6.a4 c5
7.dxc5 dxc5
8.a5 Nb8c6
9.Qd1xd8 Rf8xd8
10.a6 Nf6d5
11.axb7 Bc8xb7
12.Nb1d2 e5
13.Nd2b3 c4
14.Nb3c5 Bb7c8
15.Bc1g5 f6
16.Bg5d2 Ra8b8
17.Rf1b1 Bg7f8
18.Nc5e4 f5
19.Ne4c3 e4
20.Nc3xd5 Rd8xd5
21.Bd2f4 Rb8b7
22.Nf3d2 Nc6d4
23.Kf1 Nd4xc2
24.Ra1a4 c3
25.Nd2xe4 Rb7xb2
26.Rb1c1 fxe4
27.Bg2xe4 Rd5d4
28.Ra4xd4 Nc2xd4
29.Be4d5 Bc8e6
30.Bd5xe6 Nd4xe6
31.Rc1xc3 Ne6xf4
32.gxf4 a5
33.h4 a4
34.h5 a3
{ resign }
0-1

[Event "Tourn. n9109"]
[Site "www.chess-mail.com"]
[Date "2016.12.27"]
[Round "1"]
[White "Autmich"]
[Black "Cal"]
[WhiteElo "1649"]
[BlackElo "1530"]
[Result "1-0"]
[Round "1"]
1.e4 c5
2.Ng1f3 Nb8c6
3.d4 cxd4
4.Nf3xd4 Nc6xd4
5.Qd1xd4 d6
6.Nb1c3 a6
7.Bf1e2 h6
8.O-O b5
9.e5 d5
10.Qd4xd5 Qd8xd5
11.Nc3xd5 e6
12.Nd5c7 Ke7
13.Nc7xa8 Bc8b7
14.Na8b6 f6
15.f4 f5
16.Rf1d1 g6
17.Rd1d7 Ke8
18.Rd7xb7 Bf8c5
19.Kh1 Ng8e7
20.Rb7b8 Kf7
21.Rb8xh8 Ne7g8
22.Nb6d7 Ng8e7
23.Nd7xc5 Ne7d5
24.Rh8xh6 Nd5c7
25.Rh6h7 { resign }
1-0

[Event "Tourn. n9100"]
[Site "www.chess-mail.com"]
[Date "2016.12.27"]
[Round "1"]
[White "Pariolinius"]
[Black "Redabond"]
[WhiteElo "1870"]
[BlackElo "1710"]
[Result "1-0"]
[Round "1"]
1.d4 d5
2.Ng1f3 Bc8f5
3.e3 Nb8c6
4.Nb1d2 e6
5.Bf1e2 Nc6b4
6.Be2d3 Bf5g4
7.Bd3b5 c6
8.Bb5a4 Bf8d6
9.a3 Nb4a6
10.O-O Ng8f6
11.c4 dxc4
12.Nd2xc4 O-O
13.Nc4xd6 Qd8xd6
14.Bc1d2 Bg4h5
15.Ba4c2 Na6c7
16.Bd2b4 Bh5xf3
17.Qd1xf3 Qd6d7
18.Bb4xf8 Kxf8
19.Ra1d1 Nc7d5
20.e4 Nd5e7
21.e5 Nf6d5
22.Qf3h3 Kg8
23.Qh3xh7 Kf8
24.Rd1d3 Nd5f4
25.Rd3g3 Nf4e2
26.Kh1 Ne2xg3
27.fxg3 Qd7xd4
28.Qh7h8 Ne7g8
29.Bc2h7 Ke7
30.Qh8xg7 Qd4xb2
31.Qg7xf7 { resign }
1-0

[Event "Tourn. n9131"]
[Site "www.chess-mail.com"]
[Date "2016.12.27"]
[Round "1"]
[White "Cristiano"]
[Black "Norlavuaram"]
[WhiteElo "2160"]
[BlackElo "2230"]
[Result "1-0"]
[Round "1"]
1.e4 e5
2.f4 exf4
3.Ng1f3 d6
4.d4 g5
5.h4 g4
6.Nf3g1 Bf8h6
7.Nb1c3 Nb8c6
8.Ng1e2 f3
9.Ne2f4 Nc6e7
10.gxf3 Bh6xf4
11.Bc1xf4 Ne7g6
12.Bf4g5 f6
13.Bg5e3 h5
14.Bf1g2 Ng8e7
15.Qd1d2 O-O
16.O-O-O Kh7
17.Kb1 f5
18.exf5 Bc8xf5
19.Be3h6 Rf8f7
20.fxg4 Bf5xg4
21.Rd1f1 Ne7f5
22.Bg2d5 Rf7e7
23.Bh6g5 Qd8d7
24.Bg5xe7 Qd7xe7
25.Bd5xb7 Ra8f8
26.Nc3d5 Qe7f7
27.Nd5e3 Rf8b8
28.Bb7e4 Qf7d7
29.Ne3xf5 Bg4xf5
30.Rf1xf5 { resign }
1-0

[Event "Match"]
[Site "www.echecsemail.com"]
[Date "2016.12.27"]
[Round "1"]
[White "Jesmantiz"]
[Black "Liencam2"]
[WhiteElo "2240"]
[BlackElo "2330"]
[Result "0-1"]
[Round "1"]
1.d4 Ng8f6
2.e3 g6
3.Bf1d3 Bf8g7
4.f4 d6
5.Ng1f3 O-O
6.O-O Nb8c6
7.a3 e5
8.fxe5 dxe5
9.dxe5 Nf6g4
10.c3 Ng4xe5
11.Nf3d4 Ne5xd3
12.Qd1xd3 Bc8f5
13.e4 Nc6xd4
14.exf5 Nd4xf5
15.Qd3c2 Rf8e8
16.Qc2b3 b6
17.Nb1d2 Re8e2
18.Nd2f3 Qd8d7
19.Bc1f4 Ra8d8
20.Ra1d1 Qd7e7
21.Rd1xd8 Qe7xd8
22.Nf3g5 Qd8e7
23.Qb3c4 Re2e1
24.Qc4xc7 Qe7xc7
25.Bf4xc7 Re1e2
26.Rf1b1 Nf5e3
27.g3 Bg7f8
28.b4 Ne3d5
29.Bc7b8 h6
30.c4 Nd5e3
31.Ng5e4 Ne3xc4
32.Ne4f6 Kg7
33.Nf6d7 Nc4xa3
34.Rb1b3 Na3b5
35.Bb8e5 f6
36.Be5xf6 Kf7
37.Bf6h8 Bf8g7
38.Rb3f3 Kg8
39.Bh8xg7 Kxg7
40.Nd7f6 Nb5d4
41.Rf3f1 h5
42.Nf6d5 Re2e5
43.Nd5f4 Nd4c2
44.Rf1c1 Nc2xb4
45.Rc1c7 Kf6
46.Rc7xa7 Nb4d5
47.Ra7b7 Nd5xf4
48.gxf4 Re5b5
49.Kf2 Rb5b3
50.Kg2 b5
51.h3 b4
52.Rb7b5 h4
53.Kf2 Rb3xh3
54.Rb5xb4 Kf5
55.Kg2 Rh3e3
56.Rb4a4 Re3e4
57.Ra4xe4 Kxe4
58.Kh3 Kxf4
59.Kxh4 g5
60.Kh3 Kf3
61.Kh2 g4
62.Kg1 Kg3
63.Kh1 Kf2
{ resign }
0-1

[Event "Match"]
[Site "www.echecsemail.com"]
[Date "2016.12.27"]
[Round "1"]
[White "Guidom"]
[Black "Yoj"]
[WhiteElo "2160"]
[BlackElo "1809"]
[Result "1-0"]
[Round "1"]
1.e4 g5
2.d4 c5
3.Bc1xg5 cxd4
4.Qd1xd4 f6
5.Qd4d1 h5
6.Bg5d2 Bf8h6
7.Bd2xh6 Rh8xh6
8.c3 Qd8b6
9.Qd1b3 Qb6c6
10.Qb3xg8 { resign }
1-0

[Event "Match"]
[Site "www.echecsemail.com"]
[Date "2016.12.27"]
[Round "1"]
[White "Mitja"]
[Black "Bojan"]
[WhiteElo "1990"]
[BlackElo "2040"]
[Result "0-1"]
[Round "1"]
1.d4 d5
2.e3 Bc8f5
3.c3 a6
4.h3 Nb8c6
5.Ng1e2 e5
6.Ne2g3 Bf5g6
7.dxe5 Nc6xe5
8.Bf1e2 Ng8f6
9.O-O Bf8d6
10.b3 c6
11.Bc1b2 h6
12.f4 Ne5d7
13.Nb1d2 Nd7c5
14.Nd2f3 Nc5e4
15.Ng3xe4 Nf6xe4
16.Qd1e1 O-O
17.Ra1d1 Bd6c5
18.Nf3d4 Rf8e8
19.Be2f3 Qd8e7
20.Bf3xe4 Bg6xe4
21.Qe1g3 Bc5d6
22.Qg3f2 Qe7f6
23.Nd4e2 Qf6g6
24.Ne2g3 Be4d3
25.Rf1e1 Bd3f5
26.Ng3xf5 Qg6xf5
27.Rd1c1 Re8e6
28.Qf2g3 f6
29.Qg3f2 Ra8e8
30.Bb2a1 Bd6c5
31.Kh1 Re6xe3
32.Re1xe3 Bc5xe3
33.Qf2e2 Qf5xf4
34.Rc1e1 Re8e4
35.Ba1b2 Qf4g3
36.Qe2f1 Be3f4
37.Re1xe4 Qg3h2
{ resign }
0-1

[Event "Match"]
[Site "www.echecsemail.com"]
[Date "2016.12.27"]
[Round "1"]
[White "Rindrandria"]
[Black "Ranjachess"]
[WhiteElo "1730"]
[BlackElo "1710"]
[Result "0-1"]
[Round "1"]
1.e4 e5
2.d4 d6
3.Bc1d2 exd4
4.c3 Nb8c6
5.Qd1f3 h6
6.Bf1c4 Ng8f6
7.cxd4 Nc6xd4
8.Qf3c3 Nd4c6
9.Bc4d5 Bc8d7
10.Qc3b3 Nf6xd5
11.exd5 Nc6d4
12.Qb3c4 Qd8e7
13.Bd2e3 Qe7e4
14.Kd1 Qe4xg2
15.Be3xd4 Qg2xh1
16.f3 Qh1xh2
17.Nb1d2 Bd7f5
18.Ng1e2 c5
19.dxc6 Ra8c8
20.Qc4b5 Bf5e6
21.Qb5xb7 d5
22.Qb7xa7 Rc8xc6
23.Qa7a4 Be6d7
24.Qa4a8 Rc6c8
25.Qa8xd5 Qh2c7
26.Ra1c1 Qc7d6
27.Qd5b3 Rc8xc1
28.Ne2xc1 Qd6xd4
29.Qb3b8 Ke7
30.Nc1e2 Qd4e3
31.Ne2g3 g6
32.Qb8c7 h5
33.Ng3f1 Qe3d4
34.b4 Kf6
35.a3 Bf8h6
36.Ke2 Rh8e8
37.Nd2e4 Kg7
38.Qc7c5 Re8xe4
39.fxe4 Qd4xe4
40.Nf1e3 f5
41.Qc5c7 Qe4xe3
42.Kf1 Qe3d2
43.b5 Bh6e3
44.Qc7e5 Kh6
45.Qe5g3 Bd7xb5

0-1

[Event "Match"]
[Site "www.echecsemail.com"]
[Date "2016.12.27"]
[Round "1"]
[White "Azulmarino"]
[Black "Sagara1977"]
[WhiteElo "1640"]
[BlackElo "1560"]
[Result "0-1"]
[Round "1"]
1.e4 e5
2.Ng1f3 Qd8f6
3.d4 exd4
4.Nf3xd4 Bf8c5
5.Bc1e3 Nb8c6
6.c3 d6
7.Bf1c4 Ng8h6
8.Nb1d2 Nh6g4
9.f3 Ng4xe3
10.Qd1c1 Bc5xd4
11.Rh1g1 Ne3c2
12.Qc1xc2 Bd4xg1
13.O-O-O Bg1e3
14.Rd1e1 Qf6g5
15.Qc2d3 Be3f2
16.Re1d1 Qg5xg2
17.Qd3d5 Bc8e6
18.Qd5b5 Be6xc4
19.Qb5xb7 O-O
20.Qb7xc6 Bc4e2
21.Qc6xc7 Be2xd1
{ resign }
0-1

[Event "1/32 Finale"]
[Site "www.chess-mail.com"]
[Date "2016.12.27"]
[Round "1"]
[White "Egdiogel"]
[Black "Maciekkam"]
[WhiteElo "2260"]
[BlackElo "2300"]
[Result "1-0"]
[Round "1"]
1.e4 c5
2.Ng1f3 Nb8c6
3.d4 cxd4
4.Nf3xd4 Ng8f6
5.Nb1c3 e5
6.Nd4f5 d5
7.Nc3xd5 Nf6xd5
8.Qd1xd5 Qd8xd5
9.exd5 Bc8xf5
10.dxc6 bxc6
11.Bf1a6 Ra8b8
12.c3 Bf8e7
13.O-O O-O
14.b3 Rf8d8
15.Bc1e3 Rd8d7
16.Rf1d1 Rb8d8
17.Rd1xd7 Rd8xd7
18.Ba6c8 a5
19.Bc8xd7 Bf5xd7
20.Be3b6 { resign }
1-0

[Event "Tourn. n9103"]
[Site "www.chess-mail.com"]
[Date "2016.12.28"]
[Round "1"]
[White "Piekki"]
[Black "Bojan"]
[WhiteElo "2290"]
[BlackElo "2050"]
[Result "0-1"]
[Round "1"]
1.e4 e5
2.Ng1f3 d6
3.d4 exd4
4.Nf3xd4 Bf8e7
5.Bf1c4 Be7f6
6.Bc1e3 Bc8d7
7.Nb1c3 Nb8c6
8.O-O Nc6e5
9.Bc4b3 Ng8e7
10.h3 Ne7g6
11.f4 Ne5c6
 { time }
0-1

[Event "Tourn. n9125"]
[Site "www.chess-mail.com"]
[Date "2016.12.28"]
[Round "1"]
[White "Francesco"]
[Black "Jobeye"]
[WhiteElo "1960"]
[BlackElo "2100"]
[Result "1-0"]
[Round "1"]
1.e4 g5
2.d4 h6
3.Bf1c4 e6
4.Nb1c3 Bf8g7
5.e5 c6
6.f4 f5
7.Qd1h5 Kf8
8.Bc1d2 g4
9.O-O-O d5
10.Bc4e2 Bc8d7
11.Be2xg4 fxg4
12.Qh5xg4 h5
13.Qg4f3 Bd7e8
14.f5 exf5
15.Qf3xf5 Be8f7
16.e6 Ng8h6
17.Qf5f3 Bg7xd4
18.Bd2xh6 Rh8xh6
19.Qf3xf7 { resign }
1-0

[Event "Tourn. n9097"]
[Site "www.chess-mail.com"]
[Date "2016.12.28"]
[Round "1"]
[White "Aperturaf"]
[Black "Seger"]
[WhiteElo "2350"]
[BlackElo "2820"]
[Result "1/2-1/2"]
[Round "1"]
1.e4 c5
2.Ng1f3 d6
3.d4 cxd4
4.Qd1xd4 Bc8d7
5.c4 Nb8c6
6.Qd4d2 g6
7.b3 Bf8g7
8.Nb1c3 Ng8f6
9.Bc1b2 O-O
10.h3 Qd8a5
11.Bf1d3 Nc6e5
12.Nf3xe5 dxe5
13.Nc3d5 Qa5xd2
14.Kxd2 Nf6xd5
15.cxd5 e6
16.dxe6 Bd7xe6
17.Ke2 f6
18.Rh1c1 Ra8c8
19.Rc1xc8 Rf8xc8
20.Ra1c1 Rc8xc1
21.Bb2xc1 { draw }
1/2-1/2

[Event "Tourn. n9046"]
[Site "www.chess-mail.com"]
[Date "2016.12.28"]
[Round "1"]
[White "Bojan"]
[Black "Jaroslavpech"]
[WhiteElo "1960"]
[BlackElo "1950"]
[Result "0-1"]
[Round "1"]
1.b4 e5
2.a3 d5
3.d4 exd4
4.Qd1xd4 c5
5.Qd4e5 Bf8e7
6.Bc1b2 Ng8f6
7.h3 cxb4
8.axb4 Nb8c6
9.Qe5f4 Nc6xb4
10.Kd1 Nf6e4
11.Bb2xg7 Rh8g8
12.Bg7b2 Qd8b6
13.e3 Nb4d3
14.cxd3 Qb6b3
15.Kc1 Bc8g4
16.Nb1c3 Ra8c8
17.dxe4 Qb3d1
{ resign }
0-1

[Event "Tourn. n9098"]
[Site "www.chess-mail.com"]
[Date "2016.12.28"]
[Round "1"]
[White "Osopanda"]
[Black "B0zata"]
[WhiteElo "2010"]
[BlackElo "2270"]
[Result "0-1"]
[Round "1"]
1.d4 d5
2.c4 Ng8f6
3.Nb1c3 e6
4.Ng1f3 Bf8b4
5.Qd1c2 Nf6e4
6.a3 Bb4xc3
7.bxc3 O-O
8.cxd5 exd5
9.Bc1f4 Bc8f5
10.Qc2b3 b6
11.e3 Nb8d7
12.Bf1e2 Bf5g4
13.Ra1a2 Nd7f6
14.Nf3e5 Bg4xe2
15.Kxe2 Nf6h5
16.Bf4g3 Nh5xg3
17.hxg3 Qd8f6
18.Ne5g4 Qf6f5
19.Rh1h4 h5
20.f3 Ne4xg3
21.Kf2 hxg4
22.Rh4xg4 Ng3e4
23.Kg1 Ne4f6
24.Rg4f4 Qf5g5
25.g4 Rf8e8
26.c4 c6
27.cxd5 Nf6xd5
28.Rf4f5 Qg5xe3
29.Qb3xe3 Re8xe3
30.Ra2c2 Re3c3
31.Rc2xc3 Nd5xc3
32.Kf2 Ra8e8
33.Kg3 g6
34.Rf5f6 Re8e6
35.Rf6xe6 fxe6
{ resign }
0-1

[Event "Tourn. n9032"]
[Site "www.chess-mail.com"]
[Date "2016.12.28"]
[Round "1"]
[White "Bronstein70"]
[Black "Conde7"]
[WhiteElo "2360"]
[BlackElo "2890"]
[Result "0-1"]
[Round "1"]
1.e4 c5
2.f4 e6
3.Ng1f3 Bf8e7
4.Nb1c3 d5
5.exd5 exd5
6.Bf1b5 Kf8
7.b3 Ng8f6
8.Nf3e5 h5
9.Qd1f3 Bc8g4
10.Ne5xg4 hxg4
11.Qf3e2 a6
12.Bb5d3 Nb8c6
13.Bc1b2 b5
14.Nc3d1 c4
15.Bd3f5 Qd8b6
16.bxc4 bxc4
17.Ra1b1 Ra8e8
18.c3 Rh8xh2
19.Rh1xh2 Qb6g1
20.Qe2f1 Be7c5
21.Nd1e3 Qg1xh2
22.Kd1 Bc5xe3
23.dxe3 d4
24.exd4 Nf6d5
25.Kd2 Qh2g3
26.Bf5d7 Qg3e3
27.Kd1 Qe3e4
28.Kc1 Nc6b4
29.cxb4 Nd5xb4
{ resign }
0-1

[Event "Tourn. n9146"]
[Site "www.chess-mail.com"]
[Date "2016.12.28"]
[Round "1"]
[White "Biggles"]
[Black "Norlavuaram"]
[WhiteElo "2150"]
[BlackElo "2150"]
[Result "1-0"]
[Round "1"]
1.e4 e5
2.Ng1f3 Nb8c6
3.d4 exd4
4.Bf1c4 Bf8e7
5.O-O d6
6.Nf3xd4 Nc6xd4
7.Qd1xd4 Ng8f6
8.Nb1c3 O-O
9.Bc1g5 Nf6d7
10.Bg5e3 Be7f6
11.Qd4d2 Nd7e5
12.Bc4b3 Ne5g4
13.Be3f4 Ng4e5
14.Ra1d1 Ne5g6
15.Bf4e3 Bc8e6
16.Nc3d5 Bf6xb2
17.c3 Bb2a3
18.Be3g5 Qd8d7
19.Nd5f6 gxf6
20.Bg5xf6 { resign }
1-0

[Event "Tourn. n9136"]
[Site "www.chess-mail.com"]
[Date "2016.12.28"]
[Round "1"]
[White "Osopanda"]
[Black "Norlavuaram"]
[WhiteElo "2020"]
[BlackElo "2190"]
[Result "0-1"]
[Round "1"]
1.e4 e5
2.Ng1f3 Nb8c6
3.d4 exd4
4.Nf3xd4 Bf8c5
5.Nd4b3 Bc5b6
6.Nb1c3 Qd8f6
7.f3 Ng8e7
8.Nc3d5 Ne7xd5
9.exd5 Nc6d4
10.Nb3xd4 Bb6xd4
11.Bf1e2 O-O
12.c3 Bd4b6
13.Qd1d3 d6
14.Bc1d2 Bc8f5
15.Qd3b5 a6
16.Qb5b3 Ra8e8
{ resign }
0-1

[Event "Tourn. n9042"]
[Site "www.chess-mail.com"]
[Date "2016.12.28"]
[Round "1"]
[White "Guidom"]
[Black "Andychesston"]
[WhiteElo "2150"]
[BlackElo "2030"]
[Result "0-1"]
[Round "1"]
1.e4 e5
2.Ng1f3 Nb8c6
3.Bf1b5 d6
4.O-O Bc8g4
5.c3 a6
6.Bb5a4 b5
7.Ba4b3 Ng8f6
8.d3 Bf8e7
9.Bc1g5 O-O
10.Nb1d2 Nc6a5
11.Bb3c2 Kh8
12.h3 Bg4h5
13.d4 Nf6g8
14.Bg5e3 Na5c4
15.Nd2xc4 bxc4
16.dxe5 Bh5xf3
17.Qd1xf3 dxe5
18.Ra1d1 Be7d6
19.Qf3e2 Qd8e7
20.Qe2xc4 f6
21.b3 a5
22.f4 exf4
23.Be3xf4 g5
24.Bf4xd6 cxd6
25.Qc4d5 Ra8a6
26.c4 Qe7c7
27.Rf1f3 Ng8e7
28.Qd5e6 Ne7g8
29.e5 Qc7b6
30.Kh1 dxe5
31.Qe6xb6 Ra6xb6
32.Rd1d7 f5
33.Rf3xf5 Ng8f6
34.Rf5xg5 Nf6xd7
35.Bc2e4 Rb6f6
36.Be4d5 Rf6g6
37.Rg5h5 Nd7f6
38.Rh5xe5 Nf6xd5
39.Re5xd5 Rf8f2
40.a4 Rg6xg2
41.Rd5d1 Rg2g3
{ resign }
0-1